Poradenská činnosť - právne a daňové aspekty

Právny aspekt poradenskej činnosti. Klasifikácia poradenstva. Technické poradenstvo. Právne poradenstvo. Daňové a účtovné poradenstvo. Podnikateľské poradenstvo. Poradenská činnosť v kontexte ZDP a v kontexte zákona o DPH. Praktické príklady.

Salvato in:
Dettagli Bibliografici
Autore principale: Mintál, Ján
Natura: Capitolo di libro
Lingua:slovacco
Soggetti:
Tags: Aggiungi Tag
Nessun Tag, puoi essere il primo ad aggiungerne!!

MARC

LEADER 00000naa$a2200000$$$4500
001 0002664
005 20231002123849.2
041 0 |a slo 
044 |a SK 
245 1 0 |a Poradenská činnosť - právne a daňové aspekty  |c aut. Ján Mintál 
520 |a Právny aspekt poradenskej činnosti. Klasifikácia poradenstva. Technické poradenstvo. Právne poradenstvo. Daňové a účtovné poradenstvo. Podnikateľské poradenstvo. Poradenská činnosť v kontexte ZDP a v kontexte zákona o DPH. Praktické príklady. 
610 2 0 |a poradenstvo 
610 2 0 |a poradcovia 
610 2 0 |a poradcovia daňoví 
610 2 0 |a poradcovia právni 
610 2 0 |a poradenstvo technické 
610 2 0 |a dane z hodnoty pridanej 
100 1 |a Mintál, Ján